[Event "IND-ch U19 Girls"]
[Site "Kankarbagh"]
[Date "2017.09.08"]
[Round "8"]
[White "Tejaswini, Sagar"]
[Black "Sunyuktha, CMN"]
[Result "1/2-1/2"]
[WhiteElo "2093"]
[BlackElo "1907"]
[PlyCount "109"]
[EventDate "2017.09.03"]
[EventType "swiss"]
[EventRounds "11"]
[EventCountry "IND"]
[SourceTitle "CBM 180 Extra"]
[Source "ChessBase"]
[SourceDate "2017.10.06"]
[SourceVersion "1"]
[SourceVersionDate "2017.10.06"]
[SourceQuality "1"]

1. e4 e5 2. Nf3 Nc6 3. Nc3 Nf6 4. Bb5 Bb4 5. 0-0 0-0 6. d3 d6 7. Ne2 Bg4 8. c3 Bc5 9. Ng3 Nh5 10. Nf5 Ne7 11. Nxe7+ Qxe7 12. h3 Bxf3 13. Qxf3 g6 14. Bh6 Ng7 15. Qg3 c6 16. Bc4 Kh8 17. Bxg7+ Kxg7 18. Rad1 Bb6 19. Kh1 f5 20. f4 fxe4 21. fxe5 d5 22. Bb3 exd3 23. Rf3 Rae8 24. Rdxd3 Rxf3 25. gxf3 Qxe5 26. Qxe5+ Rxe5 27. Rd2 Re1+ 28. Kg2 Kf6 29. c4 Be3 30. Rd3 Re2+ 31. Kf1 Rf2+ 32. Ke1 d4 33. Bd1 Rxb2 34. Rb3 Rxb3 35. Bxb3 c5 36. Ke2 Ke5 37. Ba4 Kd6 38. Kd3 Kc7 39. Be8 Kb6 40. a4 Ka5 41. Bd7 Kb4 42. Be8 Kb3 43. Bd7 b6 44. Bc6 Kb2 45. Bd5 Kc1 46. Bg8 h6 47. Bf7 g5 48. Bh5 Bf4 49. Bg4 Kd1 50. Be6 Ke1 51. Bf5 Kf2 52. Bg4 Kg3 53. Ke2 Be3 54. Kd3 Kh4 55. Bf5 1/2-1/2

[Event "IND-ch U19 Girls 46th"]
[Site "Rajahmundry"]
[Date "2016.10.13"]
[Round "8"]
[White "Bidhar, Rutumbara"]
[Black "Sunyuktha, CMN"]
[Result "1-0"]
[WhiteElo "1911"]
[BlackElo "1907"]
[PlyCount "53"]
[EventDate "2016.10.08"]
[EventType "swiss"]
[EventRounds "11"]
[EventCountry "IND"]
[SourceTitle "CBM 175 Extra"]
[Source "ChessBase"]
[SourceDate "2016.12.12"]
[SourceVersion "1"]
[SourceVersionDate "2016.12.12"]
[SourceQuality "1"]

1. d4 Nf6 2. c4 e5 3. dxe5 Ng4 4. Bf4 Nc6 5. Nf3 Bb4+ 6. Nbd2 Qe7 7. a3 Ngxe5 8. Nxe5 Nxe5 9. e3 Bxd2+ 10. Qxd2 d6 11. Be2 Ng6 12. 0-0 0-0 13. Bg3 a5 14. b3 Bd7 15. Bf3 Bc6 16. Bd5 h5 17. h3 h4 18. Bh2 Qg5 19. f4 Qf6 20. e4 Bxd5 21. cxd5 Rae8 22. Rae1 Re7 23. f5 Nh8 24. Bf4 Rfe8 25. Bg5 Qe5 26. f6 Rd7 27. Rf5 1-0

[Event "IND-ch U19 Girls 46th"]
[Site "Rajahmundry"]
[Date "2016.10.09"]
[Round "3"]
[White "Vaishali, Ramesh Babu"]
[Black "Sunyuktha, CMN"]
[Result "0-1"]
[WhiteElo "2295"]
[BlackElo "1907"]
[PlyCount "96"]
[EventDate "2016.10.08"]
[EventType "swiss"]
[EventRounds "11"]
[EventCountry "IND"]
[SourceTitle "CBM 175 Extra"]
[Source "ChessBase"]
[SourceDate "2016.12.12"]
[SourceVersion "1"]
[SourceVersionDate "2016.12.12"]
[SourceQuality "1"]

1. d4 d5 2. Bf4 Nf6 3. e3 c6 4. Bd3 g6 5. Nd2 Bg7 6. Ngf3 Nbd7 7. c3 0-0 8. h4 Nh5 9. g4 Nxf4 10. exf4 Qc7 11. f5 e5 12. fxe6 Re8 13. Nf1 Nf6 14. Ne3 Bxe6 15. Ne5 Nd7 16. Nxd7 Qxd7 17. Be2 Re7 18. Rg1 Rae8 19. Qd2 f5 20. gxf5 Bxf5 21. 0-0-0 Bh6 22. Rg3 Qc7 23. Rdg1 Qf4 24. Bf3 Qxh4 25. Bg4 Bxg4 26. Rxg4 Qf6 27. R1g3 Bxe3 28. fxe3 Re4 29. Rxe4 Rxe4 30. Kc2 Re7 31. Kb3 Rf7 32. Qh2 a6 33. Rg4 Qe6 34. Qg3 Re7 35. Qb8+ Re8 36. Qg3 Qxe3 37. Qg2 Re6 38. Qf1 Qe2 39. Qf5 Re7 40. Qf4 Rf7 41. Qg3 b5 42. Rh4 Qd1+ 43. Kb4 Qe2 44. Ka3 a5 45. Rh2 Qe7+ 46. Kb3 a4+ 47. Kc2 Qe4+ 48. Kd2 Qf4+ 0-1

[Event "IND-ch Challengers (Women) 43rd"]
[Site "Chennai"]
[Date "2016.06.25"]
[Round "11"]
[White "Sunyuktha, CMN"]
[Black "Chandreyee, Hajra"]
[Result "1-0"]
[WhiteElo "1880"]
[BlackElo "1992"]
[PlyCount "110"]
[EventDate "2016.06.17"]
[EventType "swiss"]
[EventRounds "11"]
[EventCountry "IND"]
[SourceTitle "CBM 173 Extra"]
[Source "ChessBase"]
[SourceDate "2016.08.29"]
[SourceVersion "1"]
[SourceVersionDate "2016.08.29"]
[SourceQuality "1"]

1. e4 a6 2. b3 e5 3. Bb2 Nc6 4. Nf3 d6 5. d4 Bg4 6. d5 Nce7 7. h3 Bxf3 8. Qxf3 g6 9. Bd3 Bg7 10. Nc3 c6 11. dxc6 bxc6 12. Bc4 Nf6 13. 0-0-0 0-0 14. g4 Qc7 15. Kb1 Nc8 16. Na4 Rd8 17. Rhe1 Ra7 18. Qe3 Nd7 19. h4 Ncb6 20. Nxb6 Nxb6 21. Bf1 Re8 22. Bg2 Rb7 23. Qd3 Rd8 24. h5 c5 25. hxg6 fxg6 26. Rh1 Na4 27. Qh3 Nxb2 28. Kxb2 Bf8 29. g5 c4 30. Bf1 Qf7 31. Ka1 cxb3 32. cxb3 d5 33. exd5 e4 34. Bc4 Rc7 35. Qe6 Rd6 36. Qxf7+ Rxf7 37. Rh2 Rf5 38. Re1 Re5 39. Kb1 Bg7 40. Rh4 Rxg5 41. Rhxe4 Rf5 42. Re6 Rf6 43. Rxd6 Rxd6 44. Re6 Rxe6 45. dxe6 Kf8 46. Bxa6 Bf6 47. f3 h5 48. Bf1 Ke7 49. Bh3 Bd4 50. a4 Kd6 51. Kc2 Bc5 52. Kd3 Kd5 53. a5 Kc6 54. Kc4 Be7 55. b4 Kb7 1-0

[Event "IND-ch Challengers (Women) 43rd"]
[Site "Chennai"]
[Date "2016.06.24"]
[Round "10"]
[White "Potluri, Saye Srreezza"]
[Black "Sunyuktha, CMN"]
[Result "0-1"]
[WhiteElo "1708"]
[BlackElo "1880"]
[PlyCount "69"]
[EventDate "2016.06.17"]
[EventType "swiss"]
[EventRounds "11"]
[EventCountry "IND"]
[SourceTitle "CBM 173 Extra"]
[Source "ChessBase"]
[SourceDate "2016.08.29"]
[SourceVersion "1"]
[SourceVersionDate "2016.08.29"]
[SourceQuality "1"]

1. d4 d5 2. c4 e6 3. Nc3 Nf6 4. cxd5 exd5 5. Bg5 Be7 6. e3 c6 7. Bd3 0-0 8. Qc2 Nbd7 9. Nf3 Re8 10. 0-0 Nf8 11. h3 g6 12. Rab1 Ne6 13. Bh4 Nh5 14. Bxe7 Qxe7 15. b4 Ng5 16. Nxg5 Qxg5 17. Kh2 Bd7 18. b5 Rac8 19. bxc6 Bxc6 20. Bb5 Re6 21. Qb3 Nf6 22. Rfc1 Qf5 23. Kg1 Bxb5 24. Nxb5 Rxc1+ 25. Rxc1 Rb6 26. Qa4 a6 27. Nc3 Rb2 28. Rf1 Qc2 29. Qa3 Kg7 30. e4 Nxe4 31. Nd1 Rxa2 32. Qe7 Ra1 33. Ne3 Rxf1+ 34. Kxf1 Qb1+ 35. Ke2 0-1

[Event "IND-ch Challengers (Women) 43rd"]
[Site "Chennai"]
[Date "2016.06.22"]
[Round "8"]
[White "Varsha, CR."]
[Black "Sunyuktha, CMN"]
[Result "0-1"]
[WhiteElo "1668"]
[BlackElo "1880"]
[PlyCount "62"]
[EventDate "2016.06.17"]
[EventType "swiss"]
[EventRounds "11"]
[EventCountry "IND"]
[SourceTitle "CBM 173 Extra"]
[Source "ChessBase"]
[SourceDate "2016.08.29"]
[SourceVersion "1"]
[SourceVersionDate "2016.08.29"]
[SourceQuality "1"]

1. d4 d5 2. Nf3 c5 3. e3 Nf6 4. c4 e6 5. Nc3 Be7 6. a3 0-0 7. dxc5 Bxc5 8. b4 Be7 9. Bb2 dxc4 10. Bxc4 Nbd7 11. 0-0 a6 12. Qe2 b5 13. Bb3 Bb7 14. Rfd1 Qb8 15. Rac1 Bd6 16. h3 Ne5 17. Nd4 Ng6 18. Rc2 Nh4 19. e4 Ng6 20. Bc1 Rd8 21. Bg5 Be5 22. Rcd2 Qc7 23. Qf3 h6 24. Bxf6 Bxf6 25. Nce2 Ne5 26. Qe3 Ng6 27. f4 e5 28. fxe5 Nxe5 29. Qc3 Qb6 30. Kh1 Bxe4 31. Ng3 Bg6 0-1